[Event "Paris-ch op-C 87th"]
[Site "Paris"]
[Date "2012.07.09"]
[Round "3"]
[White "Mayot, Philippe"]
[Black "Douat, Jean"]
[Result "1-0"]
[WhiteElo "1898"]
[BlackElo "1767"]
[PlyCount "39"]
[EventDate "2012.07.07"]
[EventType "swiss"]
[EventRounds "9"]
[EventCountry "FRA"]
[SourceTitle "EXT 2014"]
[Source "ChessBase"]
[SourceDate "2013.11.20"]
[SourceVersion "1"]
[SourceVersionDate "2013.11.20"]
[SourceQuality "1"]

1. d4 d5 2. c4 e6 3. Nf3 c5 4. g3 Nc6 5. Bg2 Nf6 6. 0-0 Be7 7. cxd5 Nxd5 8. dxc5 Bxc5 9. e4 Ndb4 10. Qxd8+ Kxd8 11. Nc3 a6 12. Bf4 Ke7 13. Rfd1 Rd8 14. e5 h6 15. Ne4 Ba7 16. Rxd8 Nxd8 17. Rd1 Nd5 18. Bc1 Bd7 19. b3 Rc8 20. Ba3+ 1-0

[Event "Yvelines-ch"]
[Site "Fontenay le Fleury"]
[Date "2012.02.26"]
[Round "7"]
[White "Mace, Sebastien"]
[Black "Douat, Jean"]
[Result "0-1"]
[WhiteElo "1687"]
[BlackElo "1778"]
[PlyCount "68"]
[EventDate "2012.02.18"]
[EventType "swiss"]
[EventRounds "7"]
[EventCountry "FRA"]
[SourceTitle "EXT 2013"]
[Source "ChessBase"]
[SourceDate "2012.11.22"]
[SourceVersion "1"]
[SourceVersionDate "2012.11.22"]
[SourceQuality "1"]

1. e4 e5 2. Nf3 Nc6 3. Bb5 a6 4. Ba4 Nf6 5. 0-0 Nxe4 6. d4 b5 7. Bb3 d5 8. dxe5 Be6 9. Be3 Be7 10. c3 Qd7 11. Nbd2 Rd8 12. Bc2 Bf5 13. a4 b4 14. Bd4 0-0 15. Re1 bxc3 16. bxc3 Nxd4 17. cxd4 Bb4 18. Rb1 a5 19. Rxb4 axb4 20. Nh4 Bg6 21. Nxg6 hxg6 22. Nxe4 dxe4 23. Rxe4 c5 24. Bb3 Qf5 25. Bc2 cxd4 26. g4 Qd7 27. Qd3 Rfe8 28. Bb3 Re7 29. h4 Qe8 30. f4 Qc6 31. Bc4 Qxa4 32. Kg2 Qa3 33. Bb3 Qb2+ 34. Re2 Qc3 0-1

[Event "Yvelines-ch"]
[Site "Fontenay le Fleury"]
[Date "2012.02.19"]
[Round "3"]
[White "Cureau, Christian"]
[Black "Douat, Jean"]
[Result "0-1"]
[WhiteElo "1439"]
[BlackElo "1778"]
[PlyCount "62"]
[EventDate "2012.02.18"]
[EventType "swiss"]
[EventRounds "7"]
[EventCountry "FRA"]
[SourceTitle "EXT 2013"]
[Source "ChessBase"]
[SourceDate "2012.11.22"]
[SourceVersion "1"]
[SourceVersionDate "2012.11.22"]
[SourceQuality "1"]

1. d4 d5 2. c4 e6 3. Nc3 c5 4. cxd5 exd5 5. Nf3 Nc6 6. e3 Nf6 7. Bb5 a6 8. Ba4 b5 9. Bc2 Be7 10. 0-0 0-0 11. Re1 Bg4 12. e4 Nxd4 13. Nxd5 Nxd5 14. exd5 Bd6 15. Qd3 Nxc2 16. Qxc2 Bxf3 17. g3 Qf6 18. Re3 Rfe8 19. Bd2 Rxe3 20. fxe3 Bxd5 21. Rf1 Qe6 22. Rf2 Qe4 23. Qxe4 Bxe4 24. b3 Be5 25. Bc1 Rc8 26. Rd2 c4 27. bxc4 bxc4 28. Rd7 Bf6 29. Ra7 Ra8 30. Rc7 c3 31. Rc4 Bd3 0-1

[Event "Paris-ch op-A"]
[Site "Paris"]
[Date "2010.07.04"]
[Round "2"]
[White "Koch, Alain1111"]
[Black "Douat, Jean"]
[Result "1-0"]
[WhiteElo "2011"]
[BlackElo "1896"]
[PlyCount "132"]
[EventDate "2010.07.03"]
[EventType "swiss"]
[EventRounds "9"]
[EventCountry "FRA"]
[SourceTitle "CBM 137 Extra"]
[Source "ChessBase"]
[SourceDate "2010.09.01"]
[SourceVersion "1"]
[SourceVersionDate "2010.09.01"]
[SourceQuality "1"]

1. d4 d5 2. c4 e6 3. cxd5 exd5 4. Nc3 Bb4 5. a3 Bxc3+ 6. bxc3 Nf6 7. Bg5 0-0 8. g3 h6 9. Bxf6 Qxf6 10. Bg2 c6 11. Nf3 Bf5 12. 0-0 Nd7 13. Nd2 Rfe8 14. Re1 Qg6 15. Qb3 Rab8 16. a4 Nf6 17. a5 Ne4 18. Bxe4 Bxe4 19. Rac1 b6 20. a6 Qe6 21. f3 Bh7 22. e3 Qd7 23. c4 Rec8 24. Rc3 dxc4 25. Rxc4 c5 26. Ne4 Bxe4 27. fxe4 cxd4 28. exd4 Rxc4 29. Qxc4 Rc8 30. Qd3 Qc6 31. d5 Qc4 32. Rd1 Qxd3 33. Rxd3 f6 34. Kg2 Kf7 35. Kf3 Ke7 36. h4 g6 37. Kf4 Rc1 38. g4 Rf1+ 39. Ke3 Re1+ 40. Kd4 Kd6 41. Rc3 Rd1+ 42. Ke3 Re1+ 43. Kf3 Ra1 44. Rc6+ Kd7 45. Ke2 Ra4 46. Ke3 Ra3+ 47. Kf4 g5+ 48. hxg5 fxg5+ 49. Kf5 Rf3+ 50. Kg6 Rh3 51. Kf5 Ra3 52. Rxh6 Rxa6 53. Rh7+ Kc8 54. Rf7 Ra4 55. Re7 Rd4 56. Kxg5 Kb8 57. Kf5 a5 58. Rh7 a4 59. Rh2 a3 60. Ra2 Ra4 61. Ra1 Kc7 62. e5 Kd7 63. g5 Ke7 64. d6+ Kd7 65. g6 Ra8 66. g7 Rg8 1-0

[Event "Yvelines-ch"]
[Site "Fontenay le Fleury"]
[Date "2003.02.09"]
[Round "3.24"]
[White "Douat, Jean"]
[Black "Barreira Alvarez, Jose Luis"]
[Result "1-0"]
[WhiteElo "1800"]
[BlackElo "1560"]
[PlyCount "81"]
[EventDate "2003.02.17"]
[EventType "swiss"]
[EventRounds "7"]
[EventCountry "FRA"]
[SourceTitle "EXT 2004"]
[Source "ChessBase"]
[SourceDate "2003.11.25"]
[SourceVersion "1"]
[SourceVersionDate "2003.11.25"]
[SourceQuality "1"]

1. e4 d5 2. exd5 Nf6 3. d4 Nxd5 4. Nf3 e6 5. Be2 Be7 6. 0-0 0-0 7. c4 Nf6 8. Nc3 c5 9. Be3 Nc6 10. dxc5 Qa5 11. Qa4 Qxa4 12. Nxa4 Ng4 13. Bd2 Bd7 14. h3 Nf6 15. a3 Ne4 16. Be1 Rfd8 17. b4 Bf6 18. Ra2 Ne7 19. Bd3 Bxa4 20. Bxe4 Rd7 21. Rd2 Rad8 22. Rxd7 Rxd7 23. Bd2 Bb2 24. Rb1 Bf6 25. Kf1 h6 26. Ke1 g5 27. b5 Bg7 28. Rb4 f5 29. Bb1 g4 30. hxg4 fxg4 31. Nh2 h5 32. Rxa4 Nf5 33. Bxf5 exf5 34. Rxa7 Bd4 35. Be3 Bc3+ 36. Ke2 Be5 37. f4 Bf6 38. c6 Rd8 39. Rxb7 h4 40. c7 Rf8 41. Rb8 1-0